Culture Générale - Série 937 - Statistiques

Statistiques générales
  • Ce quiz a été pris 138 fois
  • Le résultat moyen est 7 sur 10
Statistiques - réponses
Question Réponse % Correct
Selon l'expression, quand on a pas de courage, à quel animal mouillé est-on comparé ? poule
99%
Dans le domaine de l'enseignement, le mot "fac" est l'abréviation de... Faculté
95%
Quel titre de la femme de l'héritier présomptif de la couronne de France désigne également la candidate qui se place deuxième d'un concours de beauté ? Dauphine
93%
Quelle est la capitale de la République populaire de Chine ? Pékin
93%
Le contraire d'un antonyme est un... synonyme
86%
Dans quelle discipline de natation, les concurrents prennent-ils place sur un tremplin situé à 1, 3 ou 10 mètres de hauteur ? plongeon
82%
Dans quelle ville d'Europe se déroule le carnaval de Notting Hill ? Londres
81%
Quel est le titre de l'aventure de Largo Winch qui suit et complète l'album “Voir Venise...” ? .. et mourir
53%
A la fois bonbon fait d'une amande enrobée de sucre caramélisé et surnom d'une balle d'arme à feu, que suis-je ? praline
33%
Quel nom de festival porte l'oiseau des Peanuts ? Woodstock
26%
Aucun quiz correspondant
Distribution des résultats
% des personnes avec chaque résultat
Percentile par nombre de réponses
Votre historique - résultats
Vous n’avez pas pris ce quiz